| 000 | 01403cam a2200337 a 4500 | ||
|---|---|---|---|
| 001 | 16066047 | ||
| 003 | TZ-ArACH | ||
| 005 | 20240417110621.0 | ||
| 008 | 100122s2011 enk b 001 0 eng | ||
| 010 | _a 2010002495 | ||
| 020 | _a9780415577847 (hbk) | ||
| 020 | _a0415577845 (hbk) | ||
| 020 | _a9780203847213 (ebk) | ||
| 020 | _a0203847210 (ebk) | ||
| 020 | _a9780415813518 (pbk) | ||
| 040 |
_aDLC _cTZ-ArACH |
||
| 042 | _apcc | ||
| 050 | 0 | 0 |
_aKZ3375 _b.K36 2011 |
| 100 | 1 | _aKammerhofer, Jörg. | |
| 245 | 1 | 0 |
_aUncertainty in international law : _ba Kelsenian perspective / _cJörg Kammerhofer. |
| 260 |
_aLondon ; _aNew York : _bRoutledge, _c2011. |
||
| 300 |
_axv, 286 p. ; _c24 cm. |
||
| 504 | _aIncludes bibliographical references (p. [263]-280) and index. | ||
| 505 | 0 | _aIntroduction : what is uncertainty? -- Self-defence under the United Nations Charter -- Customary international law -- Interpretation and modification -- Conflict of norms in international law -- A constitution for international law -- The inevitable grundnorm. | |
| 600 | 1 | 0 |
_aKelsen, Hans, _d1881-1973. |
| 650 | 0 | _aInternational law. | |
| 650 | 0 | _aLegal certainty. | |
| 906 |
_a7 _bcbc _corignew _d1 _eecip _f20 _gy-gencatlg |
||
| 942 |
_2lcc _cBOOK |
||
| 999 |
_c7036 _d7036 |
||